01199naa a2200277 i 4500003001000000005001700010007000300027008004100030020001500071040003800086082001700124100003900141245005500180250002200235264004500257300002500302336002900327337003300356338002800389490005100417506028000468650003600748650004600784740003900830856005200869CO-BoRNBP20240927114134.0ta090127s2001 ck s 000 0 spa d a9586482774 aUMA.REdvLexbspacCO-BoRNBPerda a340.56 R64m1 aRojas González, Germand1953 - ?10aManual de derecho civilcGermán Rojas González aPrimera edición 1aBogotá, ColombiabEcoe Edicionesc2001 a292 páginasc24 cm 2rdacontenidoatextobtxt 2rdamedioasin mediaciónbn 2rdasoporteavolumenbnc aTextos Universitarios. vLas leyes de Colombia1 aContenido solo disponible en los productos indicadosdvLex GlobaldvLex Global (Academic Edition, excluding Law Schools)dvLex Global (U.S. Academic Edition, Law Schools)dvLex Global (U.S. Academic Edition, excluding Law Schools)dvLex Global (Academic Edition, Law Schools)172ARMARCaFilosofía del derecho172ARMARCaDerecho civilvColombiaxManuales0 avLex Libros (Servicios en línea)40uhttp://vlex.com/source/2491zAcceso restringido